Curso de redacción: teoría y práctica de la composición y del estilo
Na minha lista:
| Autor principal: | |
|---|---|
| Formato: | Livro |
| Idioma: | espanhol |
| Publicado em: |
Madrid
Thomson
2000
Madrid Paraninfo 2000 |
| Edição: | 33a. ed |
| Assuntos: | |
| Tags: |
Adicionar Tag
Sem tags, seja o primeiro a adicionar uma tag!
|
MARC
| LEADER | 00000nam a2200000 a 4500 | ||
|---|---|---|---|
| 001 | UCH9064 | ||
| 003 | CL-VaPUC | ||
| 008 | 091224e20000000sp |||||||||||||||||spa|d | ||
| 020 | |a 9788428325707 | ||
| 082 | 0 | 4 | |a 415 |b MAR |2 21 |
| 100 | |a Martín Vivaldi, Gonzalo |e autor |9 545898 | ||
| 245 | 1 | 0 | |a Curso de redacción: teoría y práctica de la composición y del estilo |
| 250 | |a 33a. ed | ||
| 300 | |a 539 p | ||
| 942 | |c BK | ||
| 945 | |d 20091224 00:00:00 |a rbrito | ||
| 260 | |a Madrid |b Thomson |c 2000 | ||
| 260 | |a Madrid |b Paraninfo |c 2000 | ||
| 650 | 0 | |a Español |9 255372 | |
| 650 | 0 | |a Gramática española |9 403055 | |
| 650 | 0 | |a Redacción |9 320524 | |
| 650 | 7 | |a PUNTUACION |2 CL-VaPUC |9 334246 | |
| 650 | 0 | |a Enseñanza de la escritura |9 307377 | |
| 650 | 7 | |a EJERCICIOS DE REDACCION |2 CL-VaPUC |9 311847 | |
| 650 | 0 | |a Periodismo |9 310113 | |
| 650 | 0 | |a Técnicas de redacción |9 460283 | |
| 583 | |a last modification |c 20171218 05:57:05 |k Rodrigo Vera | ||
| 999 | |c 339128 |d 339126 | ||
| 952 | |0 0 |1 0 |4 0 |6 415_000000000000000_MAR_2000_2000 |7 0 |8 R |9 432570 |a BIBGIM |b BIBGIM |d 2019-11-22 |i 4628012 |o 415 MAR 2000 2000 |p 4628012 |r 2025-01-15 |w 2019-11-22 |y BK_R |k COM | ||